|
|
|
|
| LEADER |
00920nam a22002177i 4500 |
| 003 |
GR-PaULI |
| 005 |
20210117210337.0 |
| 008 |
170308s2002 gr ||||f |||| 001 0 gre d |
| 020 |
|
|
|a 9607349156
|
| 040 |
|
|
|a GR-PaULI
|b gre
|c GR-PaULI
|e AACR2
|
| 041 |
0 |
|
|a gre
|
| 082 |
0 |
4 |
|2 23
|a 320.557
|
| 245 |
0 |
0 |
|a Ισλάμ και Ευρώπη /
|c Αναγνωστοπούλου Σία, ... [και ά.]
|
| 260 |
|
|
|a Αθήνα :
|b Ο Πολίτης,
|c 2002.
|
| 300 |
|
|
|a 220 σ. ;
|c 21 εκ.
|
| 504 |
|
|
|a Περιλαμβάνει βιβλιογραφία.
|
| 650 |
|
4 |
|9 158398
|a Ισλαμισμός και πολιτική
|
| 942 |
|
|
|2 ddc
|c BKN
|
| 952 |
|
|
|0 0
|1 0
|2 ddc
|4 0
|6 320_557000000000000_ΙΣΛ
|7 1
|9 210657
|a LISP
|b LISP
|c DON
|d 2017-03-08
|e ΔΙΑ
|i 088246
|l 0
|o 320.557 ΙΣΛ
|p 025000151844
|r 2017-03-08 00:00:00
|t 1
|v 2017.00
|w 2017-03-08
|y BKN
|x Συλλογή Διακογιάννη
|
| 998 |
|
|
|c ΒΑΣΙΛΕΙΟΥ
|d 2017-03
|
| 999 |
|
|
|c 128275
|d 128275
|